Religión y violencia / (Record no. 192163)
[ view plain ]
| 000 -LEADER | |
|---|---|
| campo de control de longitud fija | 01345cam a2200313 i 4500 |
| 001 - NÚMERO DE CONTROL | |
| campo de control | 192163 |
| 003 - IDENTIFICADOR DE NÚMERO DE CONTROL | |
| campo de control | ES-MaACL |
| 005 - FECHA Y HORA DE LA ÚLTIMA TRANSACCIÓN | |
| campo de control | 20250425143349.0 |
| 008 - DATOS DE LONGITUD FIJA--INFORMACIÓN GENERAL | |
| campo de control de longitud fija | 221107s2008 sp a | ||||o000 0 spa |
| 017 ## - NÚMERO DE COPYRIGHT O DE DEPÓSITO LEGAL | |
| Número de copyright o de depósito legal | M 50902-2008 |
| Agencia que asigna | Oficina Depósito Legal Madrid |
| 020 ## - NÚMERO INTERNACIONAL ESTÁNDAR DEL LIBRO | |
| Número Internacional Estándar del Libro | 9788487619472 |
| 040 ## - FUENTE DE CATALOGACIÓN | |
| Centro/agencia transcriptor | ES-MaACL |
| 080 ## - NÚMERO DE LA CLASIFICACIÓN DECIMAL UNIVERSAL | |
| Número de la Clasificación Decimal Universal | 316.62:2 |
| 245 00 - MENCIÓN DEL TÍTULO | |
| Título | Religión y violencia / |
| Mención de responsabilidad, etc. | Patxi Lanceros y Francisco Díez de Velasco (eds.) |
| 260 ## - PUBLICACIÓN, DISTRIBUCIÓN, ETC. | |
| Lugar de publicación, distribución, etc. | Madrid : |
| Nombre del editor, distribuidor, etc. | Círculo de Bellas Artes : |
| -- | [UAM], |
| Fecha de publicación, distribución, etc. | [2008] |
| 300 ## - DESCRIPCIÓN FÍSICA | |
| Extensión | 290 páginas, [10] páginas de láminas (color) ; |
| Dimensiones | 16 cm. |
| 490 1# - MENCIÓN DE SERIE | |
| Mención de serie | Ediciones pensamiento |
| 500 ## - NOTA GENERAL | |
| Nota general | Índice |
| 520 ## - RESUMEN, ETC. | |
| Sumario, etc. | Recoge versiones revisadas de las conferencias pronunciadas en el congreso "Religión y violencia", que coordinado por Patxi Lanceros y Francisco Díez de Velasco, se celebró en el Círculo de Bellas Artes entre el 7 y el 10 de mayo de 2007 |
| 650 #4 - PUNTO DE ACCESO ADICIONAL DE MATERIA--TÉRMINO DE MATERIA | |
| Término de materia o nombre geográfico como elemento de entrada | Violencia- |
| Subdivisión general | Aspectos religiosos. |
| 9 (RLIN) | 17813 |
| 700 1# - ENTRADA AGREGADA--NOMBRE PERSONAL | |
| Nombre de persona | Lanceros, Patxi. |
| 9 (RLIN) | 69900 |
| Término indicativo de función/relación | Editor literario |
| 700 1# - ENTRADA AGREGADA--NOMBRE PERSONAL | |
| Nombre de persona | Díez de Velasco, Francisco, |
| Fechas asociadas al nombre | 1960- |
| Término indicativo de función/relación | Editor literario |
| 9 (RLIN) | 174249 |
| 710 2# - ENTRADA AGREGADA--NOMBRE DE ENTIDAD CORPORATIVA | |
| 9 (RLIN) | 2817 |
| Nombre de entidad corporativa o nombre de jurisdicción como elemento de entrada | Círculo de Bellas Artes (Madrid) |
| 830 1# - PUNTO DE ACCESO ADICIONAL DE SERIE-TÍTULO UNIFORME | |
| Título uniforme | Ediciones pensamiento |
| 9 (RLIN) | 175767 |
| 852 4# - LOCALIZACIÓN | |
| Ubicación | ES-MaACL |
| Número de control de estantería | N-8119 |
| Sublocalización o colección | R. 153093 |
| Ubicación en estantería | Depósito J |
| Donativo/Legado | Donación: editores literarios |
| itemnumber | 199445 |
| 942 ## - ELEMENTOS DE ENTRADA SECUNDARIOS (KOHA) | |
| Tipo de ítem Koha | Libro impreso |
| Estatus retirado | Estado de pérdida | Fuente del sistema de clasificación o colocación | Estado de daño | No para préstamo | Biblioteca de origen | Biblioteca actual | Ubicación en estantería | Fecha de adquisición | Fuente de adquisición | Total de préstamos | Signatura topográfica completa | Código de barras | Visto por última vez | Tipo de ítem Koha |
|---|---|---|---|---|---|---|---|---|---|---|---|---|---|---|
| Clasificación decimal universal | Biblioteca del Ateneo de Madrid | Biblioteca del Ateneo de Madrid | Depósito J | 07/11/2022 | Donación | N-8119 | 101206418 | 23/02/2023 | Libro impreso |
